000 00866nam a2200217 a 4500
003 0
005 20250321083551.0
008 060802s19uu xx 00 eng d
050 _aPGS BF 723.E6.R43
_b.N117 2006
100 _aNabong, Jezreel Rouchelle R.
245 _aA study on the reactions of the lower school students towards scolding /
_cJezreel Rouchelle R. Nabong.
260 _aLas PiƱas City, Philippines :
_bSouthville International School and Colleges,
_c2006.
300 _a33 pages :
_billustrations ;
_c28 cm.
504 _aIncludes bibliographical references.
650 _aMiddle school students
_vDiscipline.
650 _aBehavioral reactions
_vChildren.
650 _aEmotions in children
_vStudy and teaching.
650 _aScolding
_vPsychological effects.
650 _aChild psychology
_vResponses to authority.
942 _2lcc
_cPASS
999 _c97520
_d97520